[Event "Esbjerg North Sea Cup-02"]
[Site "Esbjerg"]
[Date "1977.07.06"]
[Round "2"]
[White "Brondum, Eric"]
[Black "Rath, Ulrik"]
[Result "1/2-1/2"]
[WhiteElo "2335"]
[BlackElo "2420"]
[PlyCount "227"]
[EventDate "1977.07.05"]
[EventType "tourn"]
[EventRounds "11"]
[EventCountry "DEN"]
[EventCategory "5"]
[SourceTitle "EXT 1998"]
[Source "ChessBase"]
[SourceDate "1997.11.17"]
[SourceVersion "1"]
[SourceVersionDate "1997.11.17"]
[SourceQuality "1"]

1. e4 c5 2. c3 e6 3. d4 d5 4. e5 Nc6 5. Nf3 Qb6 6. Bd3 cxd4 7. cxd4 Bd7 8. 0-0 Nxd4 9. Nxd4 Qxd4 10. Nc3 a6 11. Kh1 Ne7 12. f4 Nc6 13. Qe2 Be7 14. Be3 Qb4 15. a3 Qa5 16. b4 Qc7 17. Nd1 g6 18. Rc1 Rc8 19. Nf2 Kf8 20. Ng4 Qd8 21. Nh6 Kg7 22. f5 exf5 23. Bxf5 gxf5 24. Rxf5 Rf8 25. Qg4+ Kh8 26. Rcf1 Bxf5 27. Rxf5 Qe8 28. Qf3 Nd8 29. e6 Nxe6 30. Rxf7 Rc3 31. Qf5 Ng7 32. Rxf8+ Qxf8 33. Nf7+ Kg8 34. Nh6+ Kh8 35. Nf7+ Qxf7 36. Qxf7 Rxe3 37. g4 d4 38. Qd5 d3 39. Qxb7 h5 40. Qc8+ Kh7 41. gxh5 Re1+ 42. Kg2 Re2+ 43. Kf3 Rxh2 44. Qc4 d2 45. Qe4+ Kh8 46. Qa8+ Kh7 47. Qe4+ Kg8 48. Qd5+ Kf8 49. Kg3 Rxh5 50. Qxd2 Re5 51. Kg2 Re6 52. Qd3 Ne8 53. Qc4 Rg6+ 54. Kf1 Bd8 55. Qc8 Rd6 56. Qh3 Rf6+ 57. Ke2 Nd6 58. Qd7 Nf7 59. Qc8 Ke7 60. Qb7+ Ke8 61. Kd1 Ng5 62. Kc2 Rb6 63. Qd5 Ne6 64. Qh5+ Kd7 65. Qh3 Kc7 66. Qh7+ Kb8 67. Qg8 Kb7 68. Kd3 Rd6+ 69. Kc4 Bb6 70. Qf7+ Nc7 71. Qh7 Ka7 72. Kc3 Re6 73. a4 a5 74. bxa5 Bxa5+ 75. Kd3 Rc6 76. Qg7 Rc5 77. Ke2 Bb6 78. Kf1 Ka6 79. Qg8 Rd5 80. Ke2 Ka5 81. Qb8 Rd4 82. Qg8 Rxa4 83. Qg5+ Nb5 84. Qg8 Nc7 85. Qg5+ Ka6 86. Qg8 Re4+ 87. Kd3 Rd4+ 88. Ke2 Nd5 89. Qa8+ Kb5 90. Qe8+ Kc4 91. Qc6+ Kb4 92. Qb7 Nc3+ 93. Kf3 Rd6 94. Qe7 Bc5 95. Qb7+ Kc4 96. Qf7+ Nd5 97. Qg8 Rf6+ 98. Kg4 Kd4 99. Qa8 Ne3+ 100. Kg5 Rf5+ 101. Kg6 Rd5 102. Qa1+ Ke4 103. Qh1+ Kd3 104. Qb1+ Ke2 105. Qa2+ Kf3 106. Qa8 Kf4 107. Qa4+ Rd4 108. Qb5 Rd6+ 109. Kf7 Bd4 110. Qe2 Ke4 111. Qe1 Rf6+ 112. Ke8 Ke5 113. Kd7 Rd6+ 114. Kc7 1/2-1/2

[Event "Olympiad-22"]
[Site "Haifa"]
[Date "1976.11.09"]
[Round "13.1"]
[White "Rath, Ulrik"]
[Black "Andersson, Ulf"]
[Result "1/2-1/2"]
[WhiteElo "2350"]
[BlackElo "2585"]
[PlyCount "230"]
[EventDate "1976.10.25"]
[EventType "team-swiss"]
[EventRounds "13"]
[EventCountry "ISR"]
[SourceTitle "EXT 2000"]
[Source "ChessBase"]
[SourceDate "1999.11.16"]
[SourceVersion "1"]
[SourceVersionDate "1999.11.16"]
[SourceQuality "1"]
[WhiteTeam "Denmark"]
[BlackTeam "Sweden"]
[WhiteTeamCountry "DEN"]
[BlackTeamCountry "SWE"]

1. e4 c5 2. Nf3 e6 3. d4 cxd4 4. Nxd4 Nf6 5. Nc3 d6 6. Be3 a6 7. f4 Qc7 8. a4 b6 9. Be2 Bb7 10. Bf3 Nbd7 11. Qe2 e5 12. Nf5 h6 13. Rd1 g6 14. Ng3 exf4 15. Bxf4 Ne5 16. 0-0 Bg7 17. Rd2 0-0 18. Rfd1 Rad8 19. Bxe5 dxe5 20. Nf1 Rxd2 21. Rxd2 Qc5+ 22. Qe3 Qb4 23. b3 Rc8 24. Na2 Qa5 25. Nc1 h5 26. Nd3 Kh7 27. b4 Qxa4 28. Qxb6 Nxe4 29. Qxb7 Nxd2 30. Qxc8 Qa1 31. Be2 Qd4+ 32. Kh1 Nxf1 33. Bxf1 Qa1 34. Kg1 e4 35. Nf2 e3 36. Qxa6 exf2+ 37. Kxf2 Qd4+ 38. Kf3 Qg4+ 39. Ke3 Qd4+ 40. Kf3 Qg4+ 41. Ke3 Bh6+ 42. Kd3 Qxb4 43. h3 Qd2+ 44. Kc4 Qxc2+ 45. Kd5 Qf5+ 46. Kc6 Qe4+ 47. Kd7 Qd5+ 48. Kc8 Bg7 49. Qc4 Qa8+ 50. Kc7 Be5+ 51. Kb6 Kg7 52. Kb5 Qb7+ 53. Ka4 Qa7+ 54. Kb3 Qb6+ 55. Qb5 Qe3+ 56. Qd3 Qb6+ 57. Qb5 Qd4 58. Qc4 Qd1+ 59. Kb4 Qd2+ 60. Ka4 Qd7+ 61. Kb3 f6 62. Kc2 Qb7 63. Qb5 Qe4+ 64. Qd3 Qa4+ 65. Qb3 Qa8 66. Qc4 Kh6 67. Kb3 Qb7+ 68. Qb5 Qa7 69. Qd5 Qf2 70. Bd3 Qb2+ 71. Kc4 Qa2+ 72. Kc5 Qa7+ 73. Kc4 Qa4+ 74. Kc5 Kg5 75. Be4 Qa5+ 76. Kc4 Qc3+ 77. Kb5 Qb2+ 78. Kc6 f5 79. Bf3 Kh4 80. Kd7 Bf4 81. Qe6 Qd4+ 82. Ke8 Qh8+ 83. Kd7 Qh6 84. Qe1+ Bg3 85. Qb4+ f4 86. Qe7+ g5 87. Qf7 Bf2 88. Qe6 Qg7+ 89. Kc6 Be3 90. Qd5 Kg3 91. Kb5 Qg6 92. Kc4 Kf2 93. Kb5 g4 94. hxg4 hxg4 95. Be4 Qb6+ 96. Ka4 Qb2 97. Qb7 Qa2+ 98. Kb4 Bd2+ 99. Kc5 Ke3 100. Bd5 Qa3+ 101. Kc6 Qc3+ 102. Kd7 Qg7+ 103. Kc6 Qg6+ 104. Kc5 Qc2+ 105. Kd6 Qg6+ 106. Kc5 Qc2+ 107. Kd6 Kf2 108. Qc6 Qg6+ 109. Kc7 Qg7+ 110. Kc8 Be3 111. Qd7 Qf8+ 112. Kb7 Qb4+ 113. Kc8 Kg3 114. Qc6 Bd4 115. Kd7 Qf8 1/2-1/2

[Event "Olympiad-22"]
[Site "Haifa"]
[Date "1976.10.30"]
[Round "5.1"]
[White "Liberzon, Vladimir Mikhailovi"]
[Black "Rath, Ulrik"]
[Result "1/2-1/2"]
[WhiteElo "2540"]
[BlackElo "2350"]
[PlyCount "73"]
[EventDate "1976.10.25"]
[EventType "team-swiss"]
[EventRounds "13"]
[EventCountry "ISR"]
[SourceTitle "EXT 2000"]
[Source "ChessBase"]
[SourceDate "1999.11.16"]
[SourceVersion "1"]
[SourceVersionDate "1999.11.16"]
[SourceQuality "1"]
[WhiteTeam "Israel"]
[BlackTeam "Denmark"]
[WhiteTeamCountry "ISR"]
[BlackTeamCountry "DEN"]

1. c4 Nf6 2. Nf3 c6 3. Nc3 d5 4. e3 Bg4 5. cxd5 Bxf3 6. Qxf3 cxd5 7. b3 Nc6 8. Bb2 e6 9. Rc1 Be7 10. Be2 0-0 11. 0-0 Rc8 12. Na4 Nd7 13. d4 Qa5 14. a3 Ncb8 15. Nc5 Nxc5 16. dxc5 Nd7 17. b4 Qa4 18. Bd1 Qa6 19. Qe2 Qxe2 20. Bxe2 Rc7 21. Rfd1 Rfc8 22. f3 a5 23. Bb5 Bf6 24. Bxf6 Nxf6 25. Kf2 Kf8 26. Ke2 Ke7 27. Kd3 Nd7 28. Bxd7 Kxd7 29. Kd4 axb4 30. axb4 b6 31. e4 bxc5+ 32. Rxc5 Rxc5 33. bxc5 dxe4 34. Kxe4+ Ke7 35. Rc1 Kd7 36. Rd1+ Ke7 37. Rc1 1/2-1/2